000 00486nam a22001937a 4500
003 OSt
005 20160204182609.0
008 160204b xxu||||| |||| 00| 0 eng d
020 _a81259-02929
040 _cDDC
082 _a333.7PAN 1997
100 _aPandey GN.
_96704
245 _aEnvironmental Management.
260 _aNew Delhi.
_bVikas ;
_c1985
300 _a397p;
_bill;
_c24cm
504 _aincludes index.
650 _aEnvironmental Management.
_9583
942 _2ddc
_cSLOAN
999 _c2963
_d2963